Ganivet / (Record no. 40281)

MARC details
000 -LEADER
campo de control de longitud fija 00695nam a2200205 i 4500
001 - NÚMERO DE CONTROL
campo de control 40281
003 - IDENTIFICADOR DE NÚMERO DE CONTROL
campo de control ES-MaACL
005 - FECHA Y HORA DE LA ÚLTIMA TRANSACCIÓN
campo de control 20250829041754.0
007 - CAMPO FIJO DE DESCRIPCIÓN FÍSICA--INFORMACIÓN GENERAL
campo de control de longitud fija t|
008 - DATOS DE LONGITUD FIJA--INFORMACIÓN GENERAL
campo de control de longitud fija 030305s1971 sp ||||1| spa d
100 1# - ENTRADA PRINCIPAL--NOMBRE DE PERSONA
Nombre de persona Carrasco Arauz, Norberto.
9 (RLIN) 35542
245 10 - MENCIÓN DEL TÍTULO
Título Ganivet /
Mención de responsabilidad, etc. Norberto Carrasco Arauz.
260 ## - PUBLICACIÓN, DISTRIBUCIÓN, ETC.
Lugar de publicación, distribución, etc. [Madrid] :
Nombre del editor, distribuidor, etc. Epesa [Ediciones y Publicaciones Españolas],
Fecha de publicación, distribución, etc. [1971]
300 ## - DESCRIPCIÓN FÍSICA
Extensión 193 p. ;
Dimensiones 17 cm.
490 1# - MENCIÓN DE SERIE
Mención de serie Grandes escritores contemporáneos ;
Designación de volumen o secuencia 44
600 14 - PUNTO DE ACCESO ADICIONAL DE MATERIA--NOMBRE DE PERSONA
Nombre de persona Ganivet, Ángel,
Fechas asociadas al nombre 1865-1898-
Subdivisión general Crítica e interpretación
9 (RLIN) 53866
830 00 - PUNTO DE ACCESO ADICIONAL DE SERIE-TÍTULO UNIFORME
Título uniforme Grandes escritores contemporáneos (Epesa)
Designación de volumen o secuencia 44
9 (RLIN) 180697
852 ## - LOCALIZACIÓN
Ubicación ES-MaACL
Número de control de estantería C-41645
Holdings
Estatus retirado Estado de pérdida Estado de daño No para préstamo Biblioteca de origen Biblioteca actual Ubicación en estantería Fecha de adquisición Fuente de adquisición Total de préstamos Signatura topográfica completa Código de barras Visto por última vez Precio de reemplazo Tipo de ítem Koha
        Biblioteca del Ateneo de Madrid Biblioteca del Ateneo de Madrid Depósito 2 17/01/2008     C-41645 1042408 23/02/2023 23/02/2023 Libro impreso